| 000 | 00935na a2200265 4500 | ||
|---|---|---|---|
| 001 | 21714 | ||
| 003 | MIRAKIL | ||
| 005 | 20181213154733.0 | ||
| 008 | 170223b tu 000 0 | ||
| 040 |
_aMilas _btur _cTR-AnCHP |
||
| 041 | _atur | ||
| 082 |
_a347.07 _bİ22 2009 |
||
| 090 | _a347.07 İ22 2009 | ||
| 091 | _aErgenekon davası-İddianame | ||
| 245 |
_aİddianame _bİstanbul 13. Ağır ceza Mahkemesi (CMK'nın 250. maddesi ile yetkili bölümü) _c[haz.] T.C. İstanbul Cumhuriyet Başsavcılığı |
||
| 246 | _aErgenekon iddianamesi | ||
| 300 |
_a2445 s. _c30 sm. |
||
| 500 | _aİstanbul 13. Ağır Ceza Mahkemesi'nin Ergenekon soruşturması kapsamında hazırladığı iddianame | ||
| 650 | _aErgenekon davası | ||
| 650 |
_aErgenekon operasyonu _xİddianame |
||
| 650 | _aErgenekon iddianamesi | ||
| 710 | _aİstanbul Cumhuriyet Başsavcılığı | ||
| 942 |
_2dcc _cBKS |
||
| 999 |
_c98 _d98 |
||